00928nam a2200241 4500999001500000001000600015003000900021005001700030008004100047020001800088040003800106082002200144100002500166245011500191250001200306260006800318300002900386650003100415650006900446700003100515942001200546952012800558 c8408d840822125BD-DhUAP20240309130644.0050907s2004 enka b 000 0 eng  a9780521704120 aBD-DhUAPcBD-DhUAPdBD-DhUAPbEng00a428.40711 GLE2221 aGlendinning, Eric H.10aStudy reading :ba course in reading skills for academic purposes /cEric H. Glendinning, Beverly Holmström. a2nd ed. aCambridge, UK ;aNew York :bCambridge University Press,c2004. a159 p. :bill. ;c25 cm. 0aReading (Higher education) 0aEnglish languagexStudy and teaching (Higher)xForeign speakers.1 aHolmström, Beverly A. S. 2ddccBK 00102ddc4070aUAPCLbUAPCLcGeneral Stacksd2024-03-09o428.40711 GLEp3010022125r2024-03-09t1v364.00w2024-03-09yBK